Sports Quiz

Random Sports or Soccer Quiz

Top 100 goalscorers from the english top flight Quiz Stats

 Plays Quiz not verified by Sporcle

Challenge
Share
Tweet
Embed
Score 0/100 Timer 15:00
0 Plays Today
Goals Players % Correct
283Alan Shearer
95%
176Thierry Henry
89.3%
199Bobby Charlton
85.1%
150Michael Owen
82.6%
189Andrew Cole
80.2%
161Frank Lampard
80.2%
357Jimmy Greaves
78.5%
232Ian Rush
78.5%
163Robbie Fowler
77.7%
199Bobby Smith
76.9%
155Wayne Rooney
76%
146Alan Smith
76%
243Joe Smith
75.2%
180Teddy Sheringham
75.2%
145Gary Lineker
73.6%
310Dixie Dean
72.7%
211Geoff Hurst
69.4%
165Ian Wright
69.4%
201Denis Law
68.6%
169Les Ferdinand
68.6%
168Roger Hunt
59.5%
148Mark Hughes
59.5%
161Peter Beardsley
57.9%
144Trevor Francis
57%
255Nat Lofthouse
54.5%
169Martin Peters
53.7%
164Tom Finney
53.7%
165Pop Robson
52.1%
201Harry Johnson
48.8%
165Horace Barnes
48.8%
164Tommy Johnson
48.8%
167Alan Clarke
46.3%
163Francis Lee
44.6%
197Stan Mortensen
43.8%
Goals Players % Correct
150Jackie Milburn
43%
214Tony Cottee
42.1%
177Tony Brown
41.3%
240George Brown
39.7%
309Steve Bloomer
38%
206Ronnie Allen
38%
159Alan Ball
38%
168Bob Latchford
34.7%
166Mick Channon
34.7%
150Cliff Bastin
34.7%
149Mark Chivers
33.9%
151Peter Lorimer
33.1%
179Lee Chapman
30.6%
190Dennis Viollet
29.8%
150Joe Royle
28.1%
188Tommy Thompson
27.3%
143Cyrille Regis
26.4%
247Hughie Gallacher
25.6%
150Frank Worthington
25.6%
287Gordon Hodgson
23.1%
163Frank Roberts
19.8%
145Tommy Roberts
19.8%
255David Jack
19%
201Andrew Wilson
17.4%
145Eric Brook
17.4%
222David Herd
16.5%
175Derek Dougan
16.5%
173Jack Rowley
15.7%
200Vic Watson
14.9%
214Billy Walker
14%
152Raich Carter
14%
258Charlie Buchan
13.2%
177Ginger Richardson
12.4%
235George Camsell
11.6%
Goals Players % Correct
162Pongo Waring
8.3%
157Derek Kevan
8.3%
161Matthew Le Tissier
7.4%
193Peter Harris
6.6%
169John Ritchie
6.6%
200George Elliott
5.8%
165Trevor Ford
5.8%
153Grenville Morris
5.8%
144Roy Vernon
5.8%
204Arthur Chandler
5%
153Jimmy Dunne
5%
219Harry Hampton
4.1%
207Dave Halliday
4.1%
146Jackie Mudie
4.1%
248Joe Bradford
3.3%
208Bobby Gurney
2.5%
158Jimmy Murray
2.5%
151Enoch West
2.5%
186Jack Bowers
1.7%
172Peter Dobing
1.7%
153Ernie Hine
1.7%
190Ray Charnley
0.8%
168Jack Devey
0.8%
148George Holley
0.8%
175Billy Hibbert
0%
171Jack Weddle
0%
167Joe Bache
0%
157Johnny Hancocks
0%
153David Mcclean
0%
153Albert Shepard
0%
148Tommy Browell
0%
147Micky Fenton
0%

You're not logged in!

Compare scores with friends on all Sporcle quizzes.
Join for Free
OR
Log In

You Might Also Like...

Show Comments

Extras

Top Quizzes Today


Score Distribution

Your Account Isn't Verified!

In order to create a playlist on Sporcle, you need to verify the email address you used during registration. Go to your Sporcle Settings to finish the process.

Report this User

Report this user for behavior that violates our Community Guidelines.

Details: